Normal view
MARC view
- Sehrish Amjad
Entry Personal Name
001 - CONTROL NUMBER
- control field: 98558
003 - CONTROL NUMBER IDENTIFIER
- control field: NUST
005 - DATE AND TIME OF LATEST TRANSACTION
- control field: 20220829090408.0
008 - FIXED-LENGTH DATA ELEMENTS
- fixed length control field: 220829|| aca||aabn | a|a d
040 ## - CATALOGING SOURCE
- Original cataloging agency: NUST
- Transcribing agency: NUST
100 ## - HEADING--PERSONAL NAME
- Personal name: Sehrish Amjad
670 ## - SOURCE DATA FOUND
- Source citation: Work cat.: (NUST)13444: Sehrish Amjad, Revise: Research visualization and exploration tool for researchers and scholars, 2015
